Anglicko-slovenská terminológia z podnikového hospodárstva - majetok podniku

Autori sa v príspevku venujú vysvetleniu pojmov týkajúcich sa majetku podniku, konkrétne anglických ekvivalentov property, possessions a assets. Zameriavajú sa na vysvetlenie týchto pojmov a ich odlišnosti.

Salvato in:
Dettagli Bibliografici
Autore principale: Ščepková, Jana
Altri autori: Vargová, Adriana
Natura: Capitolo di libro
Lingua:slovacco
inglese
Soggetti:
Tags: Aggiungi Tag
Nessun Tag, puoi essere il primo ad aggiungerne!!

MARC

LEADER 00000naa$a2200000$$$4500
001 0041878
005 20240502071512.2
041 0 |a slo 
041 0 |a eng 
044 |a SK 
245 1 0 |a Anglicko-slovenská terminológia z podnikového hospodárstva - majetok podniku  |c Jana Ščepková, Adriana Vargová 
520 |a Autori sa v príspevku venujú vysvetleniu pojmov týkajúcich sa majetku podniku, konkrétne anglických ekvivalentov property, possessions a assets. Zameriavajú sa na vysvetlenie týchto pojmov a ich odlišnosti. 
610 2 0 |a hospodárstvo podnikové 
610 2 0 |a majetok podnikový 
610 2 0 |a terminológia 
610 2 0 |a jazykoveda 
100 1 |a Ščepková, Jana 
700 1 |a Vargová, Adriana